MARC

LEADER 00000nam0a2200000 4500
001 351251
005 20231102010402.0
035 |a (RuTPU)RU\TPU\retro\6193 
035 |a RU\TPU\retro\6161 
090 |a 351251 
100 |a 20190522d1957 k y0rusy50 ca 
101 0 |a rus 
102 |a RU 
105 |a y z 001zy 
200 1 |a Теории прибавочной стоимости (IV том "Капитала")  |h Ч. 2  |f К. Маркс  |g Институт марксизма-ленинизма (ИМЛ) 
210 |a Москва  |c Госполитиздат  |d 1957 
215 |a 632 с. 
320 |a Указатель цитируемой и упоминаемой литературы: с. 615-620 
320 |a Указатель важнейших русских переводов цитируемых Марксом книг: с. 621-622 
320 |a Указатель имен: с. 623-625 
606 1 |a Маркс К.  |x Отдельные произведения  |2 stltpush  |3 (RuTPU)RU\TPU\subj\41046  |9 60865 
610 1 |a прибавочная стоимость 
610 1 |a прибыль 
610 1 |a цены 
610 1 |a земельная рента 
610 1 |a валовой доход 
610 1 |a чистый доход 
686 |a Ю3(0)6-602.136  |v LBC/SL-A  |2 rubbk 
700 1 |a Маркс  |b К.  |c немецкий мыслитель  |c общественный деятель  |c основоположник марксизма  |f 1818-1883  |g Карл  |2 stltpush  |3 (RuTPU)RU\TPU\pers\297  |9 147 
712 0 2 |a Институт марксизма-ленинизма (ИМЛ)  |c (Москва)  |c (1956-1991)  |2 stltpush  |3 (RuTPU)RU\TPU\col\4702 
801 1 |a RU  |b 63413507  |c 20190521 
801 2 |a RU  |b 63413507  |c 20191212  |g RCR 
942 |c BK